000 00669nam a22001935i 4500
001 161660
003 ES-MaACL
005 20251003063141.0
008 041022s1853 fr af |||| | fre d
040 _aCAM
_bspa
_cCAM
100 1 _aPelouze, Jules,
_d1807-1867
_9152210
245 1 0 _aNotions générales de chimie /
_cpar J. Pelouze et E. Fremy.
260 _a[Paris] :
_bVictor Masson,
_c1853 (
_fImprimerie de L. Martinet)
300 _aVIII, 487 p., 24 h. lám. ;
_c22 cm.
650 0 7 _aQuímica
_2embne
_916625
700 1 _aFremy, Edmond.
_952501
852 _aES-MaACL
_jG-11468
_z-- Enc. hol., conservando la cub. original
999 _c161660
_d161660